Faculty of Law Library — Cairo University

Official Online Catalog

Répertoire de la pratique suivie par les organes des Nations Unies / (Record no. 55521)

MARC details
000 -LEADER
fixed length control field 00967nam a2200289 i 4500
003 - CONTROL NUMBER IDENTIFIER
control field EG-GICUC
005 - DATE AND TIME OF LATEST TRANSACTION
control field 20260121101703.0
008 - FIXED-LENGTH DATA ELEMENTS--GENERAL INFORMATION
fixed length control field 260108s1959 nyu||||fr ||| 00| 0 fre d
040 ## - CATALOGING SOURCE
Original cataloging agency EG-GICUC
Transcribing agency EG-GICUC
Modifying agency EG-GICUC
Description conventions rda
Language of cataloging fre
041 0# - LANGUAGE CODE
Language code of text/sound track or separate title fre
082 04 - DEWEY DECIMAL CLASSIFICATION NUMBER
Edition number 21
Classification number 341.23
Item number UN . R
092 04 - LOCALLY ASSIGNED DEWEY CALL NUMBER (OCLC)
Edition number 21
099 ## - LOCAL FREE-TEXT CALL NUMBER (OCLC)
Classification number Law1 11 341.23 UN . R 1959
110 ## - MAIN ENTRY--CORPORATE NAME
Corporate name or jurisdiction name as entry element Unies Nations
Relator term Auteur
245 12 - TITLE STATEMENT
Title Répertoire de la pratique suivie par les organes des Nations Unies /
Medium SUPPLEMENT No 1 ,
Number of part/section of a work VOLUME I ,
Name of part/section of a work Articles 1 à 54 de la Charte ,
Statement of responsibility, etc. Nations Unies .
264 #0 - PRODUCTION, PUBLICATION, DISTRIBUTION, MANUFACTURE, AND COPYRIGHT NOTICE
Place of production, publication, distribution, manufacture New York :
Name of producer, publisher, distributor, manufacturer Nations Unies ,
Date of production, publication, distribution, manufacture, or copyright notice 1959 .
300 ## - PHYSICAL DESCRIPTION
Extent 385 Pages;
Dimensions 30 cm.
336 ## - CONTENT TYPE
Content type term text
Source rda content
337 ## - MEDIA TYPE
Media type term Computer
Source rda media
338 ## - CARRIER TYPE
Carrier type term Online Resource
Source rda carrier
546 ## - LANGUAGE NOTE
Language note Texte en français
650 04 - SUBJECT ADDED ENTRY--TOPICAL TERM
Topical term or geographic name entry element Droit international public
650 04 - SUBJECT ADDED ENTRY--TOPICAL TERM
Topical term or geographic name entry element Les Nations Unies
856 ## - ELECTRONIC LOCATION AND ACCESS
Uniform Resource Identifier <a href="https://fll.law.cu.edu.eg/fulltext/th/B11-05173.pdf">https://fll.law.cu.edu.eg/fulltext/th/B11-05173.pdf</a>
905 ## - Cataloger and Reviser Names
Cataloger Name: Logain Ashraf
942 ## - ADDED ENTRY ELEMENTS (KOHA)
Source of classification or shelving scheme Dewey Decimal Classification
Koha item type Books
Edition 21
Suppress in OPAC No
Holdings
Withdrawn status Lost status Source of classification or shelving scheme Materials specified (bound volume or other part) Damaged status Not for loan Collection Home library Current library Date acquired Total checkouts Full call number Barcode Date last seen Copy number Price effective from Koha item type
    Dewey Decimal Classification V1   Not for loan القانون الدولي العام جــــامعة القــاهرة مكتبة كلية الحقوق - المبنى الرئيسي 08.01.2026   Law1 11 341.23 UN . R 1959 1195173 C1 B11-05173 08.01.2026 1 08.01.2026 Books

© All rights reserved — Faculty of Law, Cairo University